Music Quiz

Random Music or Billboard Quiz

Billboard #1 Hits Imagery Quiz Stats

 Plays Quiz Updated May 20, 2019

Score 0/20 Timer 03:00
2 Plays Today
Question Answer Wrong Answers
Pharrell Williams Happy
96.2%
Sad
1.1%
Angry
0.8%
Katy Perry Firework
95.5%
Laser
1%
Spotlight
1.5%
Adele Hello
94.3%
Welcome
1.6%
Bye
2.1%
Rihanna Umbrella
94%
Raincoat
2.5%
Rainboots
1.4%
Bruno Mars Grenade
92.6%
Gun
3.5%
Knife
1.8%
Toto Africa
90.6%
Asia
2.8%
Australia
4.4%
Mariah Carey Honey
88.1%
Water
3.9%
Syrup
5.5%
TLC Waterfalls
87.1%
Fountains
3.8%
Whirlpools
6.8%
Alicia Keys Fallin'
86.2%
Eatin'
2.3%
Lookin'
9.1%
Lil Wayne Lollipop
84.2%
Cookies
5.9%
Ice Cream Cone
7.5%
Madonna Vogue
82.9%
Seventeen
9.2%
People
5.8%
Flo Rida Whistle
79.7%
Trumpet
12.7%
Flute
5.3%
Van Halen Jump
78.5%
Dive
10.6%
Run
8.3%
Peter Gabriel Sledgehammer
77.6%
Chainsaw
12.8%
Wrench
6.8%
Owl City Fireflies
74.6%
Bumblebees
9.8%
Ladybugs
13.2%
David Bowie Fame
72.7%
Chicago
13.7%
Cabaret
10.9%
Toni Basil Mickey
67.5%
Donald
10.1%
Goofy
19.7%
OMI Cheerleader
64.7%
Ballerina
19.2%
Dancer
13.3%
Post Malone Sunflower
61.8%
Rose
20.3%
Daisy
15.3%
Desiigner Panda
56.8%
Tiger
32.8%
Rhino
7.9%

You're not logged in!

Compare scores with friends on all Sporcle quizzes.
OR
Log In

Sporcle TV

Today on Sporcle TV


Watch our educational content, quiz creation guides, and fun videos on Sporcle TV.

Show Comments

Extras

Top Quizzes Today


Score Distribution

Your Account Isn't Verified!

In order to create a playlist on Sporcle, you need to verify the email address you used during registration. Go to your Sporcle Settings to finish the process.

Report this User

Report this user for behavior that violates our Community Guidelines.

Details: